000
00330nam a2200145Ia 4500
008
191201s2010 xx 000 0 und d
082
_a
338.5DWM
100
_a
DWIVEDI, D. N
245
0
_a
Macroeconomic: Theory and Policy
250
_a
3rd
260
_a
N. Delhi
_b
TMH
_c
2010
300
_a
667
650
_a
BBA
942
_2
ddc
_c
BK
999
_c
4548
_d
4548